| 000 | 00408nam a2200157Ia 4500 | ||
|---|---|---|---|
| 003 | GCL | ||
| 008 | 140319s9999 xx 000 0 eng d | ||
| 040 |
_aGCL / _cGCL |
||
| 082 | 0 | 4 |
_a912 _bP P |
| 100 | 1 | _aPHILIP'S GEORGE | |
| 245 | 1 | 0 |
_aPHILIP'S CONCISE WORLD ATLAS / _cPHILIP'S GEORGE |
| 260 |
_a[S.N] : _bGEORGE PHILIP LIMITED ، _c1995 |
||
| 650 | 0 | 4 | _aATLASES |
| 650 | 0 | 4 | _aWORLD ATLAS |
| 942 |
_2ddc _cBK |
||
| 999 |
_c13614 _d13614 |
||